000
00333nam a2200133Ia 4500
008
220216s9999 xx 000 0 und d
100
_a
Rajammal G
245
0
_a
NR latex gloves: A safer bet in food service industry
260
_b
Rubber Asia
_c
2006
300
_a
51-52
650
_a
Gloves
650
_a
Latex allergy
942
_c
BS
999
_c
50832
_d
50832